La complejidad y la formación en administración aproximaciones a una nueva visión de la ciencia /

Guardat en:
Dades bibliogràfiques
Autor principal: Cabrera Martínez, Alejandra María
Altres autors: Hernández Martínez, Andrés Guillermo
Format: Electrònic eBook
Idioma:espanyol
Publicat: Bogotá, D.C. : Editorial Universidad del Rosario : Universidad Colegio Mayor de Nuestra Señora del Rosario, Facultad de Administración, 2011.
Edició:1. ed.
Col·lecció:Colección Complejidad.
Digitalia eBook Collection: Universidad del Rosario.
Matèries:
Accés en línia:Digitalia Hispánica
Etiquetes: Afegir etiqueta
Sense etiquetes, Sigues el primer a etiquetar aquest registre!

MARC

LEADER 00000nam a2200000Ia 4500
001 DIGUDROS0205
003 NyNyDIG
006 m d
007 cr |||||||||||
008 130401s2011 ck a ob 000 0 spa c
020 |z 9789587382334 (pbk.) 
020 |z 9587382331 (pbk.) 
040 |a DGITA  |b eng  |e pn  |c DGITA 
043 |a s-ck--- 
050 4 |a HD58.9 ebook 
100 1 |a Cabrera Martínez, Alejandra María. 
245 1 3 |a La complejidad y la formación en administración   |h [electronic resource]   |b aproximaciones a una nueva visión de la ciencia /  |c Alejandra María Cabrera Martínez, Andrés Guillermo Hernández Martínez. 
250 |a 1. ed. 
260 |a Bogotá, D.C. :  |b Editorial Universidad del Rosario :  |b Universidad Colegio Mayor de Nuestra Señora del Rosario, Facultad de Administración,  |c 2011.  |e (New York, NY. :  |f Digitalia Inc,   |g 2012). 
300 |a 1 online resource (xiv,154 p.) :  |b ill. 
490 1 |a Colección Complejidad Facultad de Administración 
504 |a Includes bibliographical references (p. 141-148). 
506 |a Access restricted to subscribing institutions. 
650 0 |a Organizational effectiveness. 
650 0 |a Organizational learning. 
650 0 |a Management. 
650 0 |a Complex organizations  |x Management. 
650 0 |a System theory. 
650 0 |a Complex organizations  |x Management  |x Study and teaching (Higher)  |z Colombia. 
655 0 |a Electronic books. 
700 1 |a Hernández Martínez, Andrés Guillermo. 
791 2 |a Digitalia (Firm),  |e distributor. 
830 0 |a Colección Complejidad. 
830 0 |a Digitalia eBook Collection: Universidad del Rosario. 
856 4 0 |3 Digitalia Hispánica  |u https://digitalia.unach.elogim.com/a/17307/